banner-ar

FROM AUGUSTUS TO NERO : (Record no. 9318)

MARC details
000 -الفاتح
حقل البيانات ثابتة الطول 00627nam a2200217Ia 4500
008 - عناصر البيانات ثابتة الطول - معلومات عامة
حقل البيانات ثابتة الطول 140319s9999 xx 000 0 eng d
020 ## - الرقم الدولى المعيارى للكتب
الرقم الدولى المعيارى للكتاب 0521528046
040 ## - مصدر الفهرسة
وكالة الفهرسة الأصلية GCL /
وكالة النسخ GCL
082 04 - رقم تصنيف ديوى العشرى
رقم التصنيف 937.02
رقم المادة F F
100 1# - المدخل الرئيسى - إسم شخصى
الإسم الشخصى FAGAN, GARRETT G .
245 10 - بيان العنوان
العنوان FROM AUGUSTUS TO NERO :
بقية العنوان AN INTERMEDIATE LATIN READER /
بيان المسئوليه,etc FAGAN, GARRETT G .
700 1# - المدخل الاضافى - اسم شخصى
الإسم الشخصى MURGATROYD, PAUL
250 ## - بيان الطبعة
بيان الطبعة FIRST
260 ## - PUBLICATION, DISTRIBUTION, ETC. (IMPRINT)
تاريخ النشر أو التوزيع 2006
300 ## - الوصف المادى
التعداد 24 CM ؛
أبعاد الوعاء 214 P
650 04 - المدخل الاضافى بالموضوع-مصطلح موضوعى
مصطلح موضوعي EUROPE - HISTORY
650 04 - المدخل الاضافى بالموضوع-مصطلح موضوعى
مصطلح موضوعي ROMA - HISTORY
650 04 - المدخل الاضافى بالموضوع-مصطلح موضوعى
مصطلح موضوعي ROMA - HISTORY - 509 - 31 BC
942 ## - عناصر المدخل الإضافي( كوها)
مصدر التصنيف او مخطط الترفيف Dewey Decimal Classification
Koha [default] item type كتاب
260 ## - PUBLICATION, DISTRIBUTION, ETC. (IMPRINT)
-- انجلترا :
-- CAMBRIDGE UNIVERSITY PRESS ،
Holdings
حالة التراجع حالة الفقد حالة تلف ليس للاعارة المكان المؤقت الموقع الحالى تاريخ الاكتساب اجمالي اﻻعارات رقم الطلب الباركود تاريخ اخر مشاهدة تاريخ تفعيل السعر نوع وعاء كوها
        مكتبة القاهرة الكبرى مكتبة القاهرة الكبرى 03/26/2014   937.02\F F 19462 03/26/2014 03/26/2014 كتاب

Powered By

EGPV